000 00215nam a2200097 a 4500
005 20200929163301.0
008 091126s1983 000 spa d
245 0 _aOtros cuentos.
260 _c1983.
999 _c13221
_d13221
040 _aDO-SdBNP